00338nam a22001217a 4500003000400000008004100004100002600045245004800071250000900119260003000128300000700158650005100165OSt200715b ||||| |||| 00| 0 eng d aGohil, ChiragKumar. J aFundamentals of Pharmacy (For GPAT & NIPER) a2018 aNew DelhibI P Innovative a69 aPharmaceutics (Dispensing and General Pharmacy